000 00524nam a2200205Ia 4500
999 _c10358
_d10358
003 0100
005 20170503114407.0
008 130303s9999 xx 000 0 und d
020 _a816610398
040 _cARRUPELIB
050 _aDT465.Q44V34 1980
100 _aVail, Leroy
_930367
245 _aCapitalism and colonialism in Mozambique
245 _ba study of Quelimane District
260 _bUniversity of Minnesota Press
_aMinneapolis, Minn
_c1980
300 _axii
300 _b 419p. 23cm
650 _aQuelimane (District)
_xHistory
_930368
650 _aZambezia (Mozambique)
_xEconomic conditions
_930369
650 _aZambezia (Mozambique)
_xHistory
_930370
650 _aQuelimane (District)
_xEconomic conditions
_930371
700 _aWhite, Landeg
_930372
942 _2lcc
_cMONOGRAPH